000 00614nam a2200229Ia 4500
003 OSt
005 20221007071956.0
006 a|||||r|||| 00| 0
007 ta
008 221006b |||||||| |||| 00| 0 eng d
024 _a12,513
037 _cTextual
040 _aFLL
_cFLL
_beng
041 _2eng
_aeng
082 _aV3:2:9Z, F5
100 _aEmden Cecil S.
_9427348
245 0 _aPrinciples of british constitutional law
260 _aLondon
_bMethuen & Co. Ltd. London
_c1925
300 _a924p
_ccm.
942 _hV3:2:9Z, F5
_cTEXL
_2CC
999 _c1144850
_d1144850